000 00437nam a2200157 4500
001 111093
003 ES-MaACL
005 20230906185235.0
007 t|
008 061121s1913 xxk r ||||1| eng d
100 1 _aOkakura, Yoshisaburo.
_986622
245 1 4 _aThe Life and Thought of Japan /
_cYoshisaburo Okakura.
260 _aLondon :
_bJ. M. Dent & Sons,
_c1913.
300 _aVIII, 150 p. ;
_c19 cm.
852 _aES-MaACL
_jD-5104
999 _c111093
_d111093